Enterprise manpower planning the case of INDECO Ltd.. (Record no. 170354)
[ view plain ]
| 000 -LEADER | |
|---|---|
| fixed length control field | 00832cam7a220026500 4500 |
| 001 - CONTROL NUMBER | |
| control field | zam00002835 |
| 008 - FIXED-LENGTH DATA ELEMENTS--GENERAL INFORMATION | |
| fixed length control field | 951128s1991 xx eng u |
| 035 ## - SYSTEM CONTROL NUMBER | |
| System control number | (Sirsi) r20174 |
| 035 ## - SYSTEM CONTROL NUMBER | |
| System control number | (MACHINE)SLC. |
| 100 ## - MAIN ENTRY--PERSONAL NAME | |
| Personal name | Nketani, B. |
| Linkage | A81426.1 |
| 245 10 - TITLE STATEMENT | |
| Title | Enterprise manpower planning the case of INDECO Ltd.. |
| 260 ## - PUBLICATION, DISTRIBUTION, ETC. | |
| Date of publication, distribution, etc. | 1991. |
| 591 ## - | |
| -- | Class code: DS 940. |
| 591 ## - | |
| -- | Course: Women and development. |
| 591 ## - | |
| -- | School: S05. |
| 591 ## - | |
| -- | Lecturer: Dr. MILIMO, M.C. |
| 591 ## - | |
| -- | Number of Students: 61. |
| 949 ## - LOCAL PROCESSING INFORMATION (OCLC) | |
| a | NKE1-4ENT |
| w | lcc |
| i | -18648 |
| m | MAIN |
| t | BOOK |
| l | ON-SHELF |
| 949 ## - LOCAL PROCESSING INFORMATION (OCLC) | |
| a | NKE1-4ENT |
| w | lcc |
| m | MAIN |
| t | BOOK |
| l | ON-SHELF |
| 949 ## - LOCAL PROCESSING INFORMATION (OCLC) | |
| a | NKE1-4ENT |
| w | lcc |
| m | MAIN |
| t | BOOK |
| l | ON-SHELF |
| 949 ## - LOCAL PROCESSING INFORMATION (OCLC) | |
| a | NKE1-4ENT |
| w | lcc |
| m | MAIN |
| t | BOOK |
| l | ON-SHELF |
| 900 ## - EQUIVALENCE OR CROSS-REFERENCE-PERSONAL NAME [LOCAL, CANADA] | |
| -- | MAIN |
| Field link and sequence number | NKE1-4ENT |
| Titles and other words associated with a name | 4 |
| 909 ## - | |
| -- | Reprint |
No items available.